HandBook for Korean Studies Librarianship Outside of Korea / (Record no. 205636)

MARC details
000 -LEADER
fixed length control field 00751nam a22002297a 4500
005 - DATE AND TIME OF LATEST TRANSACTION
control field 20240905164138.0
010 ## - LCCN (DPL NO)
LC control number ENG-141676
020 ## - INTERNATIONAL STANDARD BOOK NUMBER
International Standard Book Number 979115687075393020
Terms of availability 750.00
035 ## - SYSTEM CONTROL NUMBER
System control number EN-125208
037 ## - SOURCE OF ACQUISITION
Source of stock number/acquisition DBAD
082 ## - DEWEY DECIMAL CLASSIFICATION NUMBER
Classification number 026.951
245 ## - TITLE STATEMENT
Title HandBook for Korean Studies Librarianship Outside of Korea /
Statement of responsibility, etc Erica S. Chang
260 ## - PUBLICATION, DISTRIBUTION, ETC. (IMPRINT)
Place of publication, distribution, etc Seoul
Name of publisher, distributor, etc The National Library of Korea
Date of publication, distribution, etc 2014
270 ## - ADDRESS
Address 201, Banpo-daero, seocho-gu
City Seoul, Korea
Postal code 137-702
Telephone number 8225906325
300 ## - PHYSICAL DESCRIPTION
Extent cxv,340p.
Dimensions 26cm.(Pb)
Other physical details ,ill
500 ## - GENERAL NOTE
General note Committee on Korean Materials
700 ## - ADDED ENTRY--PERSONAL NAME
9 (RLIN) 71011
Personal name Mikyung Kang
700 ## - ADDED ENTRY--PERSONAL NAME
9 (RLIN) 71012
Personal name Miree Ku
700 ## - ADDED ENTRY--PERSONAL NAME
9 (RLIN) 71013
Personal name Yunah Sung
700 ## - ADDED ENTRY--PERSONAL NAME
Personal name Hyokyoung Yi
9 (RLIN) 71193
942 ## - ADDED ENTRY ELEMENTS (KOHA)
Source of classification or shelving scheme Dewey Decimal Classification
Item type English Books
Classification part 026.951
Call number suffix HAN
Holdings
Withdrawn status Lost status Not for loan Collection code Home library Current library Date acquired Source of acquisition Cost, normal purchase price Full call number Barcode Copy number Cost, replacement price Koha item type
      Non-fiction Janak Puri Janak Puri 05/09/2024 DBAD 750.00 026.951 HAN EN-125208 1 750.00 English Books

© Delhi Public Library
Hit Counter
free hit counter